000 00585nam a22001937a 4500
003 0
005 20230914100028.0
008 230914b xxu||||| |||| 00| 0 eng d
020 _a978-0-7303-9738
050 _aBF 713
_b.L54 2023
245 _aLifespan development
250 _aFifth edition
260 _aAustralia
_bJohn Wiley & Sons
_cc2023.
300 _axiii, 1021 pages :
_bcol. ill. ;
_c28cm.
500 _aDevelopmental psychology.
504 _aIncludes bibliographical references, glossary, and index.
650 _aDevelopmental psychology.
942 _2lcc
_cBK
999 _c365303
_d365303